Reports ; (Record no. 7665)

MARC details
000 -LEADER
fixed length control field 00320nam a22000977a 4500
005 - DATE AND TIME OF LATEST TRANSACTION
control field 20190225094216.0
008 - FIXED-LENGTH DATA ELEMENTS--GENERAL INFORMATION
fixed length control field 190225b ||||| |||| 00| 0 eng d
245 ## - TITLE STATEMENT
Title Reports ;
Remainder of title The giving environment : another perspectives on the economic system of gatherer- hunters
300 ## - PHYSICAL DESCRIPTION
Extent 189- 196 p.
Dimensions 27 cm.
942 ## - ADDED ENTRY ELEMENTS (KOHA)
Source of classification or shelving scheme Dewey Decimal Classification
Koha item type Periodicals
Holdings
Withdrawn status Lost status Source of classification or shelving scheme Damaged status Not for loan Collection code Home library Current library Shelving location Date acquired Serial Enumeration / chronology Total Checkouts Barcode Date last seen Price effective from Koha item type
    Dewey Decimal Classification     Periodicals RTC Library RTC Library Periodicals 25/02/2019 13356   30013069 25/02/2019 25/02/2019 Periodicals
Royal Thimphu College || All Right Reserved